书目信息 |
| 题名: |
贵金属提取新技术
|
|
| 作者: | 黄礼煌 著 | |
| 分册: | ||
| 出版信息: | 北京 冶金工业出版社 2016.11 |
|
| 页数: | 17,657页 | |
| 开本: | 26cm | |
| 丛书名: | ||
| 单 册: | ||
| 中图分类: | TF83 | |
| 科图分类: | ||
| 主题词: | 贵金属--金属提取 | |
| 电子资源: | ||
| ISBN: | 978-7-5024-7368-6 | |
| 000 | 00818nam0 2200241 450 | |
| 001 | 0400004858 | |
| 005 | 20171025110118.0 | |
| 010 | @a978-7-5024-7368-6@dCNY149.00 | |
| 100 | @a20170215d2016 em y0chiy50 ea | |
| 101 | 0 | @achi |
| 102 | @aCN@b110000 | |
| 105 | @aa z 000yy | |
| 106 | @ar | |
| 200 | 1 | @a贵金属提取新技术@9gui jin shu ti qu xin ji shu@f黄礼煌著 |
| 210 | @a北京@c冶金工业出版社@d2016.11 | |
| 215 | @a17,657页@c图@d26cm | |
| 300 | @a国家科学技术学术著作出版基金资助出版 | |
| 330 | @a本书介绍了贵金属(Au、Ag、Pt、Pd、Rh、Ir、Os、Ru)的性质、用途、原料、生产工艺、最新研究成果及其提取理论基础、主要设备和工艺技术经济指标。 | |
| 606 | 0 | @a贵金属@x金属提取 |
| 690 | @aTF83@v5 | |
| 701 | 0 | @a黄礼煌@9huang li huang@f(1937-)@4著 |
| 801 | 0 | @aCN@b91MARC@c20171025 |
| 905 | @b1039652-5@dTF83@f4@e51 | |
| 贵金属提取新技术/黄礼煌著.-北京:冶金工业出版社,2016.11 |
| 17,657页:图;26cm |
| 国家科学技术学术著作出版基金资助出版 |
| ISBN 978-7-5024-7368-6:CNY149.00 |
| 本书介绍了贵金属(Au、Ag、Pt、Pd、Rh、Ir、Os、Ru)的性质、用途、原料、生产工艺、最新研究成果及其提取理论基础、主要设备和工艺技术经济指标。 |
| ● |
| 相关链接 |
|
|
|
|
正题名:贵金属提取新技术
索取号:TF83/51
 
预约/预借
| 序号 | 登录号 | 条形码 | 馆藏地/架位号 | 状态 | 备注 |
| 1 | 1039652 | 210396524 | 第二样本阅览室/ [索取号:TF83/51] | 在馆 | |
| 2 | 1039653 | 210396533 | 密集书库-化学系/ [索取号:TF83/51] | 在馆 | |
| 3 | 1039654 | 210396542 | 第三借阅区/ [索取号:TF83/51] | 在馆 | |
| 4 | 1039655 | 210396551 | 第三借阅区/ [索取号:TF83/51] | 在馆 |